000 01342nam a22003857a 4500
003 CHAP
005 20220817044332.0
008 100423s2009 fr r 00010 eng d
010 _a98090
011 _a99062
020 _a9264006427
035 _a109747
040 _cCHAP
082 0 0 _a338.972
_bOc192 2009/11
110 2 _aOrganización para la Cooperación y el Desarrollo Económicos. París
_983559
245 1 0 _aOECD economic surveys :
_bMéxico 2002-2003
_c/by Organización de Cooperación y Desarrollo Económicos
260 _aParis :
_bOECD,
_cc2009
300 _av. :
_bgráfs., tablas
490 _aEconomía
590 _aBATCH-UPD
_b10
_c20130110
_lUCH01
_h1029
590 _aBATCH-UPD
_b10
_c20130410
_lUCH01
_h0632
590 _aBATCH-UPD
_b10
_c20130914
_lUCH01
_h1152
590 _aBATCH-UPD
_b10
_c20161124
_lUCH01
_h1713
590 _aCONVERSION
_b10
_c20130109
_lUCH01
_h1354
650 1 _aPolítica económica
_zMéxico
_990535
650 1 4 _aDesarrollo económico.
650 1 4 _aPolítica y gobierno
_zMéxico.
_990719
650 1 4 _aPublicaciones periódicas.
_992714
651 4 _aMéxico
_xPolítica y gobierno.
_976783
830 _aEconomía
_935227
901 _aBK
911 _aen proceso
942 _cLIBRO
949 _a338.972 Oc192 2009/11
_bBC
_cLIBRO
_d33724002167165
_eLIBRO
_gDonaciØn
_h112343
_i109747
_sb
999 _c98090
_d98090